[Event "Bundesliga 9798"]
[Site "Deutschland"]
[Date "1998.??.??"]
[Round "?.3"]
[White "Volke, Karsten"]
[Black "Boensch, Uwe"]
[Result "1/2-1/2"]
[WhiteElo "2455"]
[BlackElo "2540"]
[PlyCount "96"]
[EventDate "1997.10.??"]
[EventType "team"]
[EventRounds "15"]
[EventCountry "GER"]
[SourceTitle "Bundesliga 9798"]
[Source "DeepChess"]
[SourceDate "2005.01.01"]
[SourceVersion "1"]
[SourceVersionDate "2005.01.01"]
[SourceQuality "1"]
[WhiteTeam "SV Empor Berlin e.V."]
[BlackTeam "Dresdner SC 1898"]
[WhiteTeamCountry "GER"]
[BlackTeamCountry "GER"]

1. e4 c5 2. Nf3 d6 3. d4 cxd4 4. Nxd4 Nf6 5. Nc3 e6 6. Bc4 Be7 7. Be3 O-O 8.
Qe2 a6 9. Bb3 b5 10. a3 Bb7 11. O-O-O Nbd7 12. Kb1 Rc8 13. f3 Ne5 14. Bd2 Nc4
15. Be1 Qb6 16. g4 Nd7 17. h4 Bf6 18. Bf2 Nc5 19. Bxc4 bxc4 20. Ka1 Rb8 21. Rb1
Nxe4 22. Nxe4 Bxd4 23. Bxd4 Qxd4 24. Rhd1 Qe5 25. Qxc4 d5 26. Qc3 Qf4 27. Nc5
Rfc8 28. b4 e5 29. Qd3 d4 30. Rf1 a5 31. Qf5 Qxf5 32. gxf5 axb4 33. axb4 Bd5
34. Rb2 Ra8+ 35. Kb1 Ra3 36. Nd3 e4 37. fxe4 Bxe4 38. Nc5 Rca8 39. Kc1 Re3 40.
Kd2 g6 41. fxg6 hxg6 42. b5 Rc8 43. Nxe4 Rxe4 44. b6 Rb8 45. h5 gxh5 46. Rf5 h4
47. Kd3 Re6 48. Rh5 Rbxb6 1/2-1/2

[Event "Bundesliga 9798"]
[Site "Deutschland"]
[Date "1998.??.??"]
[Round "?.4"]
[White "Tischbierek, Raj"]
[Black "Hetey, Laszlo"]
[Result "1/2-1/2"]
[WhiteElo "2515"]
[BlackElo "2345"]
[PlyCount "53"]
[EventDate "1997.10.??"]
[EventType "team"]
[EventRounds "15"]
[EventCountry "GER"]
[SourceTitle "Bundesliga 9798"]
[Source "DeepChess"]
[SourceDate "2005.01.01"]
[SourceVersion "1"]
[SourceVersionDate "2005.01.01"]
[SourceQuality "1"]
[WhiteTeam "Dresdner SC 1898"]
[BlackTeam "SV Empor Berlin e.V."]
[WhiteTeamCountry "GER"]
[BlackTeamCountry "GER"]

1. g3 Nf6 2. Bg2 g6 3. e4 d6 4. d4 Bg7 5. Ne2 O-O 6. Nbc3 e5 7. h3 Nc6 8. Be3
Re8 9. O-O Bd7 10. d5 Ne7 11. Qd2 Rf8 12. f4 Ne8 13. g4 f5 14. gxf5 gxf5 15.
fxe5 dxe5 16. exf5 Nxf5 17. Bg5 Qc8 18. Ne4 Ned6 19. N2g3 Qe8 20. Nxf5 Bxf5 21.
Nc5 e4 22. Rae1 b6 23. Ne6 Bxe6 24. Rxf8+ Bxf8 25. dxe6 Qxe6 26. Bf4 Re8 27.
Bxd6 1/2-1/2

[Event "Bundesliga 9798"]
[Site "Deutschland"]
[Date "1998.??.??"]
[Round "?.5"]
[White "Thinius, Marco"]
[Black "Uhlmann, Wolfgang"]
[Result "1/2-1/2"]
[WhiteElo "2310"]
[BlackElo "2485"]
[PlyCount "84"]
[EventDate "1997.10.??"]
[EventType "team"]
[EventRounds "15"]
[EventCountry "GER"]
[SourceTitle "Bundesliga 9798"]
[Source "DeepChess"]
[SourceDate "2005.01.01"]
[SourceVersion "1"]
[SourceVersionDate "2005.01.01"]
[SourceQuality "1"]
[WhiteTeam "SV Empor Berlin e.V."]
[BlackTeam "Dresdner SC 1898"]
[WhiteTeamCountry "GER"]
[BlackTeamCountry "GER"]

1. e4 e6 2. d4 d5 3. Nc3 Bb4 4. e5 c5 5. a3 Bxc3+ 6. bxc3 Ne7 7. a4 Nbc6 8. Nf3
Qa5 9. Bd2 Bd7 10. Bb5 f6 11. c4 Qc7 12. cxd5 exd5 13. exf6 gxf6 14. dxc5 O-O-O
15. O-O Ne5 16. Nd4 Qxc5 17. Be3 Qc7 18. Ra3 a6 19. Be2 Nc4 20. Bxc4 dxc4 21.
Qf3 Rhg8 22. Rc3 Ng6 23. g3 Ne5 24. Qxf6 Rdf8 25. Qe7 Rf7 26. Qb4 a5 27. Qa3
Nf3+ 28. Nxf3 Rxf3 29. Bd4 Rxc3 30. Qxc3 Re8 31. Re1 Bxa4 32. Rxe8+ Bxe8 33.
Qe3 Qf7 34. Bb6 Bc6 35. Qd4 Qd7 36. Qxd7+ Kxd7 37. Bxa5 Ke6 38. c3 Bf3 39. h3
h5 40. Kh2 Kf5 41. g4+ hxg4 42. Kg3 Be2 1/2-1/2

[Event "Bundesliga 9798"]
[Site "Deutschland"]
[Date "1998.??.??"]
[Round "?.6"]
[White "Maiwald, Jens Uwe"]
[Black "Richter, Michael"]
[Result "1/2-1/2"]
[WhiteElo "2450"]
[BlackElo "2370"]
[PlyCount "88"]
[EventDate "1997.10.??"]
[EventType "team"]
[EventRounds "15"]
[EventCountry "GER"]
[SourceTitle "Bundesliga 9798"]
[Source "DeepChess"]
[SourceDate "2005.01.01"]
[SourceVersion "1"]
[SourceVersionDate "2005.01.01"]
[SourceQuality "1"]
[WhiteTeam "Dresdner SC 1898"]
[BlackTeam "SV Empor Berlin e.V."]
[WhiteTeamCountry "GER"]
[BlackTeamCountry "GER"]

1. e4 c5 2. d3 Nc6 3. g3 d5 4. Nc3 Nf6 5. Bg2 dxe4 6. Nxe4 Nxe4 7. Bxe4 g6 8.
Bg2 Bg7 9. Ne2 c4 10. O-O cxd3 11. cxd3 O-O 12. a3 Bf5 13. Nf4 Qd7 14. Be4 Rfd8
15. Qa4 e5 16. Nd5 Be6 17. Nc3 f5 18. Bg2 Qxd3 19. Bxc6 bxc6 20. Qxc6 Bd7 21.
Qg2 Qc4 22. Re1 Bc6 23. Qf1 Qxf1+ 24. Kxf1 Rab8 25. Rd1 Rxd1+ 26. Nxd1 Bb5+ 27.
Ke1 Kf7 28. Bd2 Rc8 29. Nc3 Bd3 30. Rc1 Ke6 31. h4 Bf6 32. Be3 a6 33. Kd2 Rd8
34. Ke1 Rc8 35. Kd2 e4 36. Na4 Rxc1 37. Kxc1 Be5 38. Nc5+ Kd5 39. Nd7 Bg7 40.
Nb6+ Kc6 41. Na4 Kd5 42. Nb6+ Kc6 43. Na4 Bf8 44. Nc3 Bg7 1/2-1/2

[Event "Bundesliga 9798"]
[Site "Deutschland"]
[Date "1998.??.??"]
[Round "?.7"]
[White "Apel, Stefan"]
[Black "Borriss, Martin"]
[Result "1-0"]
[WhiteElo "2305"]
[BlackElo "2430"]
[PlyCount "83"]
[EventDate "1997.10.??"]
[EventType "team"]
[EventRounds "15"]
[EventCountry "GER"]
[SourceTitle "Bundesliga 9798"]
[Source "DeepChess"]
[SourceDate "2005.01.01"]
[SourceVersion "1"]
[SourceVersionDate "2005.01.01"]
[SourceQuality "1"]
[WhiteTeam "SV Empor Berlin e.V."]
[BlackTeam "Dresdner SC 1898"]
[WhiteTeamCountry "GER"]
[BlackTeamCountry "GER"]

1. c4 g6 2. Nc3 Bg7 3. d4 Nf6 4. e4 d6 5. Nf3 O-O 6. Be2 e5 7. O-O Nc6 8. d5
Ne7 9. Bg5 h6 10. Bxf6 Bxf6 11. b4 Kg7 12. c5 Ng8 13. a4 a5 14. Qb3 axb4 15.
Qxb4 Be7 16. cxd6 Bxd6 17. Qb2 f5 18. exf5 gxf5 19. Nb5 Qe7 20. Bc4 Nf6 21.
Rae1 e4 22. Bb3 Bc5 23. Kh1 Kh7 24. Nfd4 Ra6 25. f3 c6 26. fxe4 Nxe4 27. dxc6
bxc6 28. Qb1 cxb5 29. Nxf5 Rxf5 30. Rxe4 Rxf1+ 31. Qxf1 Qg7 32. Re8 Rf6 33.
Bc2+ Rg6 34. Rxc8 Be7 35. Rc6 Bf6 36. axb5 Kh8 37. Bxg6 Qxg6 38. Qxf6+ Qxf6 39.
Rxf6 Kg7 40. Rc6 h5 41. b6 h4 42. Kg1 1-0

[Event "Bundesliga 9798"]
[Site "Deutschland"]
[Date "1998.??.??"]
[Round "?.8"]
[White "Gauglitz, Gernot"]
[Black "Kleeschaetzky, Ralf"]
[Result "1-0"]
[WhiteElo "2400"]
[BlackElo "2265"]
[PlyCount "131"]
[EventDate "1997.10.??"]
[EventType "team"]
[EventRounds "15"]
[EventCountry "GER"]
[SourceTitle "Bundesliga 9798"]
[Source "DeepChess"]
[SourceDate "2005.01.01"]
[SourceVersion "1"]
[SourceVersionDate "2005.01.01"]
[SourceQuality "1"]
[WhiteTeam "Dresdner SC 1898"]
[BlackTeam "SV Empor Berlin e.V."]
[WhiteTeamCountry "GER"]
[BlackTeamCountry "GER"]

1. d4 Nf6 2. Nf3 c5 3. g3 g6 4. Bg2 Bg7 5. O-O cxd4 6. Nxd4 O-O 7. c4 Nc6 8.
Nc3 Nxd4 9. Qxd4 d6 10. Qd3 Bf5 11. e4 Be6 12. b3 Rb8 13. Be3 a6 14. Ba7 Ra8
15. Bd4 Nd7 16. Bxg7 Kxg7 17. Qd4+ f6 18. Rfe1 Rb8 19. Bf1 Re8 20. Rac1 Qa5 21.
f4 Qb6 22. Qxb6 Nxb6 23. Nd5 Bxd5 24. cxd5 f5 25. exf5 gxf5 26. Bh3 Kf6 27.
Re6+ Kf7 28. Bxf5 Nxd5 29. Re2 Nf6 30. Be6+ Kf8 31. Kf2 b5 32. Rc6 a5 33. a3 b4
34. a4 Red8 35. Ke3 Nd7 36. Bxd7 Rxd7 37. Rec2 Ra7 38. Kd4 Kf7 39. Kd5 Kf6 40.
Rc7 Rxc7 41. Rxc7 h5 42. Kc6 Rd8 43. Kd5 e6+ 44. Ke4 d5+ 45. Kd4 Rg8 46. Rh7
Rc8 47. Rh6+ Kf7 48. Rxh5 Rc3 49. f5 Rxb3 50. fxe6+ Kxe6 51. Re5+ Kf6 52. Rxd5
Rb2 53. Rxa5 Rxh2 54. Kc4 Rg2 55. Kxb4 Rxg3 56. Rd5 Ke6 57. Rd2 Rg4+ 58. Kb5
Rg1 59. a5 Rb1+ 60. Kc6 Rc1+ 61. Kb7 Rb1+ 62. Ka7 Ra1 63. a6 Rb1 64. Rd8 Ke7
65. Rb8 Ra1 66. Rb2 1-0

[Event "Bundesliga 9798"]
[Site "Deutschland"]
[Date "1998.??.??"]
[Round "?.2"]
[White "Votava, Jan"]
[Black "Lanka, Zigurds"]
[Result "1/2-1/2"]
[WhiteElo "2515"]
[BlackElo "2565"]
[PlyCount "85"]
[EventDate "1997.10.??"]
[EventType "team"]
[EventRounds "15"]
[EventCountry "GER"]
[SourceTitle "Bundesliga 9798"]
[Source "DeepChess"]
[SourceDate "2005.01.01"]
[SourceVersion "1"]
[SourceVersionDate "2005.01.01"]
[SourceQuality "1"]
[WhiteTeam "SV Erfurt West 90"]
[BlackTeam "Dresdner SC 1898"]
[WhiteTeamCountry "GER"]
[BlackTeamCountry "GER"]

1. Nf3 Nf6 2. c4 c5 3. e3 g6 4. Nc3 Bg7 5. d4 O-O 6. dxc5 Na6 7. Be2 Nxc5 8.
O-O b6 9. Nd4 Bb7 10. Bf3 Nfe4 11. Nxe4 Bxe4 12. Bxe4 Nxe4 13. f3 Nd6 14. Qe2
Rc8 15. b3 Nf5 16. Bb2 Nxd4 17. Bxd4 Bxd4 18. exd4 d5 19. Rfd1 Rc7 20. Rac1 Qc8
21. Kf2 Rd8 22. c5 bxc5 23. dxc5 Rxc5 24. Qxe7 Rc2+ 25. Rxc2 Qxc2+ 26. Qe2 Qc5+
27. Qe3 d4 28. Qd3 h5 29. h4 Rd6 30. Rd2 Qb6 31. Re2 Qd8 32. g3 Kg7 33. b4 Qb6
34. a3 a5 35. b5 a4 36. Rb2 Rd5 37. Rb4 Kh7 38. Kg2 Re5 39. Qxd4 Re2+ 40. Kf1
Qe6 41. Rb2 Rxb2 42. Qxb2 Qb3 43. Qf6 1/2-1/2

[Event "Bundesliga 9798"]
[Site "Deutschland"]
[Date "1998.??.??"]
[Round "?.3"]
[White "Boensch, Uwe"]
[Black "Casper, Thomas"]
[Result "0-1"]
[WhiteElo "2540"]
[BlackElo "2415"]
[PlyCount "134"]
[EventDate "1997.10.??"]
[EventType "team"]
[EventRounds "15"]
[EventCountry "GER"]
[SourceTitle "Bundesliga 9798"]
[Source "DeepChess"]
[SourceDate "2005.01.01"]
[SourceVersion "1"]
[SourceVersionDate "2005.01.01"]
[SourceQuality "1"]
[WhiteTeam "Dresdner SC 1898"]
[BlackTeam "SV Erfurt West 90"]
[WhiteTeamCountry "GER"]
[BlackTeamCountry "GER"]

1. e4 e6 2. d4 d5 3. Nc3 Bb4 4. e5 Ne7 5. a3 Bxc3+ 6. bxc3 c5 7. Nf3 Qc7 8. Bd3
b6 9. O-O Ba6 10. Bxa6 Nxa6 11. Qe2 Nb8 12. a4 Nd7 13. Ba3 Rc8 14. Rfb1 O-O 15.
Qa6 Rb8 16. c4 Qc8 17. Qb5 f6 18. Re1 fxe5 19. cxd5 Nxd5 20. dxc5 bxc5 21. Qe2
Rf5 22. Nd2 Qc6 23. Ne4 h6 24. c4 N5f6 25. Ng3 Rg5 26. a5 Rf8 27. Bc1 Rg4 28.
f3 Rd4 29. Bb2 Rf4 30. Qc2 Qc7 31. Bc1 Rh4 32. Bd2 e4 33. f4 Ng4 34. Qxe4 Nxh2
35. Qxe6+ Kh8 36. Rad1 Nf6 37. Nf5 Rh5 38. Bc3 Nhg4 39. Nxg7 Qxf4 40. Nxh5 Qh2+
41. Kf1 Qh1+ 42. Ke2 Qxg2+ 43. Kd3 Rd8+ 44. Bd4 Rxd4+ 45. Kc3 Qh3+ 46. Kb2 Qxh5
47. Rxd4 cxd4 48. Qd6 Qxa5 49. Qf8+ Ng8 50. Re8 Qc3+ 51. Kb1 Qxc4 52. Rd8 Qb5+
53. Ka2 Qa6+ 54. Kb2 Qb6+ 55. Kc1 Qe6 56. Qd6 Qxd6 57. Rxd6 Ne7 58. Rxd4 Ne5
59. Rd6 Kg7 60. Re6 N7c6 61. Kd2 a5 62. Kc3 h5 63. Kd2 h4 64. Ke1 Nd4 65. Rd6
h3 66. Kf1 Nf5 67. Rb6 Ng3+ 0-1

[Event "Bundesliga 9798"]
[Site "Deutschland"]
[Date "1998.??.??"]
[Round "?.4"]
[White "Kuczynski, Robert"]
[Black "Tischbierek, Raj"]
[Result "1/2-1/2"]
[WhiteElo "2495"]
[BlackElo "2515"]
[PlyCount "36"]
[EventDate "1997.10.??"]
[EventType "team"]
[EventRounds "15"]
[EventCountry "GER"]
[SourceTitle "Bundesliga 9798"]
[Source "DeepChess"]
[SourceDate "2005.01.01"]
[SourceVersion "1"]
[SourceVersionDate "2005.01.01"]
[SourceQuality "1"]
[WhiteTeam "SV Erfurt West 90"]
[BlackTeam "Dresdner SC 1898"]
[WhiteTeamCountry "GER"]
[BlackTeamCountry "GER"]

1. e4 d6 2. d4 Nf6 3. Nc3 g6 4. Nf3 Bg7 5. Be2 O-O 6. O-O Nbd7 7. e5 Ne8 8. Bg5
f6 9. exf6 exf6 10. Be3 c6 11. d5 c5 12. Qd2 a6 13. a4 b6 14. h3 Ra7 15. Rab1
Rc7 16. Rfe1 Ne5 17. Nh2 f5 18. f4 Nf7 1/2-1/2

[Event "Bundesliga 9798"]
[Site "Deutschland"]
[Date "1998.??.??"]
[Round "?.6"]
[White "Troyke, Christian"]
[Black "Maiwald, Jens Uwe"]
[Result "1/2-1/2"]
[WhiteElo "2400"]
[BlackElo "2450"]
[PlyCount "36"]
[EventDate "1997.10.??"]
[EventType "team"]
[EventRounds "15"]
[EventCountry "GER"]
[SourceTitle "Bundesliga 9798"]
[Source "DeepChess"]
[SourceDate "2005.01.01"]
[SourceVersion "1"]
[SourceVersionDate "2005.01.01"]
[SourceQuality "1"]
[WhiteTeam "SV Erfurt West 90"]
[BlackTeam "Dresdner SC 1898"]
[WhiteTeamCountry "GER"]
[BlackTeamCountry "GER"]

1. g3 e5 2. Bg2 d5 3. d3 c6 4. Nf3 Bd6 5. O-O Nf6 6. c4 h6 7. cxd5 cxd5 8. Nc3
Nc6 9. e4 dxe4 10. dxe4 O-O 11. h3 Be6 12. Qe2 Qc8 13. Rd1 Nd4 14. Nxd4 exd4
15. Nd5 Bxd5 16. exd5 Re8 17. Qf3 Qc2 18. Bxh6 Qxb2 1/2-1/2

[Event "Bundesliga 9798"]
[Site "Deutschland"]
[Date "1998.??.??"]
[Round "?.7"]
[White "Borriss, Martin"]
[Black "Fuhrmann, Daniel"]
[Result "1-0"]
[WhiteElo "2430"]
[BlackElo "2295"]
[PlyCount "89"]
[EventDate "1997.10.??"]
[EventType "team"]
[EventRounds "15"]
[EventCountry "GER"]
[SourceTitle "Bundesliga 9798"]
[Source "DeepChess"]
[SourceDate "2005.01.01"]
[SourceVersion "1"]
[SourceVersionDate "2005.01.01"]
[SourceQuality "1"]
[WhiteTeam "Dresdner SC 1898"]
[BlackTeam "SV Erfurt West 90"]
[WhiteTeamCountry "GER"]
[BlackTeamCountry "GER"]

1. e4 c6 2. d4 d5 3. Nc3 dxe4 4. Nxe4 Bf5 5. Ng3 Bg6 6. h4 h6 7. Nf3 Nf6 8. Ne5
Bh7 9. Bc4 e6 10. Qe2 Nd5 11. Bb3 Qc7 12. O-O Nd7 13. c4 N5f6 14. Bf4 Nxe5 15.
Bxe5 Bd6 16. f4 O-O-O 17. Rad1 Rhg8 18. c5 Bxe5 19. fxe5 Nd5 20. Rf3 Rge8 21.
Bxd5 Rxd5 22. Qf2 f5 23. exf6 gxf6 24. Rxf6 e5 25. Nf5 Bxf5 26. Qxf5+ Qd7 27.
Qxd7+ Rxd7 28. Rxh6 exd4 29. Rf6 Re4 30. g3 Kc7 31. Kf2 b6 32. cxb6+ axb6 33.
h5 c5 34. h6 c4 35. Re1 Rg4 36. Kf3 Rg8 37. g4 d3 38. a4 Kb7 39. Rf4 Rc7 40.
Rh1 Ka6 41. g5 Ka5 42. h7 Rh8 43. g6 Kb4 44. Rg4 Rg7 45. Rc1 1-0

[Event "Bundesliga 9798"]
[Site "Deutschland"]
[Date "1998.??.??"]
[Round "?.8"]
[White "Voekler, Bernd"]
[Black "Gauglitz, Gernot"]
[Result "0-1"]
[WhiteElo "2395"]
[BlackElo "2400"]
[PlyCount "48"]
[EventDate "1997.10.??"]
[EventType "team"]
[EventRounds "15"]
[EventCountry "GER"]
[SourceTitle "Bundesliga 9798"]
[Source "DeepChess"]
[SourceDate "2005.01.01"]
[SourceVersion "1"]
[SourceVersionDate "2005.01.01"]
[SourceQuality "1"]
[WhiteTeam "SV Erfurt West 90"]
[BlackTeam "Dresdner SC 1898"]
[WhiteTeamCountry "GER"]
[BlackTeamCountry "GER"]

1. e4 c5 2. Nf3 Nc6 3. d4 cxd4 4. Nxd4 Nf6 5. Nc3 e5 6. Ndb5 d6 7. Bg5 a6 8.
Na3 b5 9. Bxf6 gxf6 10. Nd5 Bg7 11. Bd3 Ne7 12. Nxe7 Qxe7 13. O-O f5 14. Qh5 d5
15. exf5 e4 16. f6 Bxf6 17. Qxd5 Bb7 18. Qf5 Qe6 19. Qh5 Rg8 20. Bxb5+ axb5 21.
Nxb5 Be5 22. Rfe1 O-O-O 23. Re3 f5 24. Rb3 e3 0-1

[Event "Bundesliga 9798"]
[Site "Deutschland"]
[Date "1997.??.??"]
[Round "?.6"]
[White "Uhlmann, Wolfgang"]
[Black "Schroll, Gerhard"]
[Result "1/2-1/2"]
[WhiteElo "2485"]
[BlackElo "2405"]
[PlyCount "82"]
[EventDate "1997.10.??"]
[EventType "team"]
[EventRounds "15"]
[EventCountry "GER"]
[SourceTitle "Bundesliga 9798"]
[Source "DeepChess"]
[SourceDate "2005.01.01"]
[SourceVersion "1"]
[SourceVersionDate "2005.01.01"]
[SourceQuality "1"]
[WhiteTeam "Dresdner SC 1898"]
[BlackTeam "SVG Plettenberg"]
[WhiteTeamCountry "GER"]
[BlackTeamCountry "GER"]

1. c4 f5 2. d4 Nf6 3. g3 g6 4. Bg2 Bg7 5. Nc3 O-O 6. Nf3 d6 7. d5 Na6 8. Be3 e5
9. dxe6 c6 10. Ng5 Qe7 11. O-O Bxe6 12. Nxe6 Qxe6 13. Qb3 Rf7 14. Rad1 Ng4 15.
Bf4 Ne5 16. Na4 Re8 17. Rc1 Rd7 18. Rfe1 Nc5 19. Nxc5 dxc5 20. Qc2 Ng4 21. Bf3
Ne5 22. Bg2 Ng4 23. h3 Nf6 24. Kf1 h6 25. Rcd1 Rd4 26. b3 Ne4 27. Bc1 Nc3 28.
Rd2 Rxd2 29. Bxd2 Ne4 30. Bc1 Bd4 31. e3 Bf6 32. Rd1 Rd8 33. Rxd8+ Bxd8 34. Bb2
Kf7 35. g4 Bf6 36. Bxe4 Qxe4 37. Qxe4 fxe4 38. Bxf6 Kxf6 39. Kg2 g5 40. Kg3 Ke6
41. Kg2 b5 1/2-1/2

[Event "Bundesliga 9798"]
[Site "Deutschland"]
[Date "1997.??.??"]
[Round "?.8"]
[White "Borriss, Martin"]
[Black "Oswald, Hans Joachim"]
[Result "1/2-1/2"]
[WhiteElo "2430"]
[BlackElo "2330"]
[PlyCount "46"]
[EventDate "1997.10.??"]
[EventType "team"]
[EventRounds "15"]
[EventCountry "GER"]
[SourceTitle "Bundesliga 9798"]
[Source "DeepChess"]
[SourceDate "2005.01.01"]
[SourceVersion "1"]
[SourceVersionDate "2005.01.01"]
[SourceQuality "1"]
[WhiteTeam "Dresdner SC 1898"]
[BlackTeam "SVG Plettenberg"]
[WhiteTeamCountry "GER"]
[BlackTeamCountry "GER"]

1. e4 d5 2. exd5 Nf6 3. d4 Nxd5 4. Nf3 g6 5. c4 Nb6 6. Nc3 Bg7 7. Be2 O-O 8.
O-O Nc6 9. d5 Ne5 10. Nxe5 Bxe5 11. c5 Bxc3 12. bxc3 Nxd5 13. Qb3 c6 14. c4 Nf6
15. Bh6 Re8 16. Rad1 Qa5 17. Qe3 Bg4 18. f3 Be6 19. Rb1 Nd7 20. Rxb7 Qxc5 21.
Rd1 Qxe3+ 22. Bxe3 Nb6 23. Rd2 Nxc4 1/2-1/2

[Event "Bundesliga 9798"]
[Site "Deutschland"]
[Date "1998.??.??"]
[Round "?.2"]
[White "Roesch, Arnd"]
[Black "Almasi, Zoltan"]
[Result "1/2-1/2"]
[WhiteElo "2350"]
[BlackElo "2615"]
[PlyCount "66"]
[EventDate "1997.10.??"]
[EventType "team"]
[EventRounds "15"]
[EventCountry "GER"]
[SourceTitle "Bundesliga 9798"]
[Source "DeepChess"]
[SourceDate "2005.01.01"]
[SourceVersion "1"]
[SourceVersionDate "2005.01.01"]
[SourceQuality "1"]
[WhiteTeam "USG Chemnitz"]
[BlackTeam "Dresdner SC 1898"]
[WhiteTeamCountry "GER"]
[BlackTeamCountry "GER"]

1. d4 Nf6 2. Nf3 g6 3. g3 Bg7 4. Bg2 O-O 5. O-O d6 6. Ne1 Nc6 7. d5 Ne5 8. Nd3
Nc4 9. Nd2 Nb6 10. c4 Rb8 11. Rb1 e6 12. e4 exd5 13. cxd5 Bd7 14. Re1 Re8 15.
b3 Bb5 16. Bf1 c6 17. dxc6 Bxc6 18. Bg2 Bb5 19. Nb4 a5 20. a4 Bd7 21. Nd3 Bg4
22. f3 Be6 23. Nf4 Nfd7 24. Nxe6 Rxe6 25. Bh3 Re8 26. Bxd7 Qxd7 27. Bb2 Be5 28.
Nf1 Qe6 29. Bd4 Nd7 30. Ne3 Bxd4 31. Qxd4 Ne5 32. Kg2 Rbc8 33. Re2 Nc6 1/2-1/2

[Event "Bundesliga 9798"]
[Site "Deutschland"]
[Date "1998.??.??"]
[Round "?.3"]
[White "Lanka, Zigurds"]
[Black "Kunze, Carlo"]
[Result "1-0"]
[WhiteElo "2565"]
[BlackElo "2340"]
[PlyCount "67"]
[EventDate "1997.10.??"]
[EventType "team"]
[EventRounds "15"]
[EventCountry "GER"]
[SourceTitle "Bundesliga 9798"]
[Source "DeepChess"]
[SourceDate "2005.01.01"]
[SourceVersion "1"]
[SourceVersionDate "2005.01.01"]
[SourceQuality "1"]
[WhiteTeam "Dresdner SC 1898"]
[BlackTeam "USG Chemnitz"]
[WhiteTeamCountry "GER"]
[BlackTeamCountry "GER"]

1. e4 e5 2. Nf3 Nc6 3. Bb5 a6 4. Ba4 Nf6 5. O-O b5 6. Bb3 Be7 7. Re1 O-O 8. h3
d6 9. c3 Nb8 10. d4 Nbd7 11. Nbd2 Bb7 12. Bc2 Re8 13. Nf1 Bf8 14. Ng3 g6 15. a4
c5 16. d5 c4 17. Bg5 Bg7 18. Qd2 Qe7 19. Nh2 Qf8 20. f3 Nc5 21. Ng4 Nfd7 22.
Nh6+ Kh8 23. h4 Bf6 24. f4 Qg7 25. Rf1 Bxg5 26. fxg5 Rf8 27. Rf3 f6 28. Raf1
Rad8 29. axb5 axb5 30. R1f2 Bc8 31. Nf1 Rde8 32. Nh2 fxg5 33. Nf7+ Kg8 34. Ng4
1-0

[Event "Bundesliga 9798"]
[Site "Deutschland"]
[Date "1998.??.??"]
[Round "?.5"]
[White "Tischbierek, Raj"]
[Black "Kyas, Juergen"]
[Result "1-0"]
[WhiteElo "2515"]
[BlackElo "2265"]
[PlyCount "75"]
[EventDate "1997.10.??"]
[EventType "team"]
[EventRounds "15"]
[EventCountry "GER"]
[SourceTitle "Bundesliga 9798"]
[Source "DeepChess"]
[SourceDate "2005.01.01"]
[SourceVersion "1"]
[SourceVersionDate "2005.01.01"]
[SourceQuality "1"]
[WhiteTeam "Dresdner SC 1898"]
[BlackTeam "USG Chemnitz"]
[WhiteTeamCountry "GER"]
[BlackTeamCountry "GER"]

1. g3 c5 2. Bg2 g6 3. Nf3 Bg7 4. O-O Nc6 5. c4 e5 6. Nc3 Nge7 7. a3 a5 8. e3 d6
9. d4 exd4 10. exd4 Bg4 11. h3 Bxf3 12. Qxf3 cxd4 13. Nb5 O-O 14. Bf4 Nf5 15.
Qd3 Be5 16. Bd2 Bg7 17. Rac1 Re8 18. g4 Ne5 19. Qb3 a4 20. Qd1 Nh4 21. Bxb7 Nd3
22. Ba5 Rxa5 23. Qxd3 Qb6 24. Bd5 Re5 25. Bh1 g5 26. Rfe1 Ng6 27. Rxe5 Bxe5 28.
Qf5 Qd8 29. Bd5 Qe7 30. Re1 Nf4 31. Be4 f6 32. Kf1 Ng6 33. Nxd4 Rc5 34. Bd5+
Kh8 35. Nc6 Qf8 36. Qd7 Nf4 37. Be4 Ng6 38. Nd8 1-0

[Event "Bundesliga 9798"]
[Site "Deutschland"]
[Date "1998.??.??"]
[Round "?.6"]
[White "Mirschinka, Dirk"]
[Black "Uhlmann, Wolfgang"]
[Result "1/2-1/2"]
[WhiteElo "2260"]
[BlackElo "2485"]
[PlyCount "91"]
[EventDate "1997.10.??"]
[EventType "team"]
[EventRounds "15"]
[EventCountry "GER"]
[SourceTitle "Bundesliga 9798"]
[Source "DeepChess"]
[SourceDate "2005.01.01"]
[SourceVersion "1"]
[SourceVersionDate "2005.01.01"]
[SourceQuality "1"]
[WhiteTeam "USG Chemnitz"]
[BlackTeam "Dresdner SC 1898"]
[WhiteTeamCountry "GER"]
[BlackTeamCountry "GER"]

1. d4 Nf6 2. Nf3 g6 3. Nc3 d5 4. Bg5 Ne4 5. Bf4 Bg7 6. Qd3 Nxc3 7. Qxc3 c6 8.
h4 Bg4 9. Ne5 Be6 10. h5 Nd7 11. Qe3 Qa5+ 12. c3 c5 13. Nf3 Bg4 14. h6 Bf6 15.
Bg5 Bxf3 16. Bxf6 Nxf6 17. gxf3 Rc8 18. Rh4 Rc6 19. dxc5 Qxc5 20. Qxc5 Rxc5 21.
Ra4 a6 22. Rb4 Rc7 23. e4 e6 24. Bxa6 Ke7 25. Bd3 dxe4 26. Bxe4 Nxe4 27. fxe4
Ra8 28. e5 Ra5 29. f4 g5 30. O-O-O gxf4 31. Rxf4 Rxe5 32. Rg1 Rf5 33. Rh4 Rd7
34. Rh2 Rd8 35. Rg7 Rh8 36. Kc2 Rf6 37. Rg4 b6 38. Rb4 e5 39. Rb5 Re6 40. Re2
e4 41. Rf5 Rg8 42. Rf4 Rgg6 43. Rexe4 Rxh6 44. Ra4 Rh2+ 45. Kb3 Ree2 46. Ra7+
1/2-1/2

[Event "Bundesliga 9798"]
[Site "Deutschland"]
[Date "1998.??.??"]
[Round "?.7"]
[White "Maiwald, Jens Uwe"]
[Black "Helbig, Uwe"]
[Result "1-0"]
[WhiteElo "2450"]
[BlackElo "2240"]
[PlyCount "93"]
[EventDate "1997.10.??"]
[EventType "team"]
[EventRounds "15"]
[EventCountry "GER"]
[SourceTitle "Bundesliga 9798"]
[Source "DeepChess"]
[SourceDate "2005.01.01"]
[SourceVersion "1"]
[SourceVersionDate "2005.01.01"]
[SourceQuality "1"]
[WhiteTeam "Dresdner SC 1898"]
[BlackTeam "USG Chemnitz"]
[WhiteTeamCountry "GER"]
[BlackTeamCountry "GER"]

1. Nf3 d6 2. d4 Bg4 3. e4 g6 4. Nbd2 Bg7 5. h3 Bxf3 6. Nxf3 Nf6 7. Bd3 c6 8. c3
Nbd7 9. O-O Qc7 10. Qc2 e5 11. dxe5 dxe5 12. Be3 O-O 13. a4 b6 14. Bc4 Rfe8 15.
Rfd1 Nf8 16. Rd2 Rad8 17. Rxd8 Rxd8 18. Ng5 Rd7 19. Rd1 Re7 20. b4 h6 21. Nf3
Ne6 22. g3 Re8 23. Kg2 Bf8 24. Ba2 a6 25. Ra1 a5 26. bxa5 bxa5 27. Bxe6 Rxe6
28. Nd2 Nd7 29. Nc4 Re8 30. Rd1 Nc5 31. Bxc5 Bxc5 32. Qd2 Rb8 33. Qxh6 Bf8 34.
Qg5 Bg7 35. h4 Re8 36. h5 gxh5 37. Nd6 Rb8 38. Nf5 f6 39. Qxh5 Rc8 40. Qg4 Re8
41. Nh6+ Kf8 42. Rd7 Qxd7 43. Qxd7 Bxh6 44. Qxc6 Kf7 45. Qd5+ Kg6 46. Qxa5 Rc8
47. f4 1-0